Municipalities on Lake Constance with a Map - Statistics

General Stats
  • This quiz has been taken 17 times
  • The average score is 11 of 53
Answers on the Map
Answers color-coded by a green-red scale on the quiz's map according to % correct below.
 
Answer Stats
Bezirk / Landkreis / Wahlkreis Population Municipality % Correct
Bregenz 29,534 Bregenz
92%
Konstanz 84,446 Constance
92%
Bodenseekreis 61,221 Friedrichshafen
67%
Lindau 25.543 Lindau
50%
Kreuzlingen 22,188 Kreuzlingen
42%
Arbon 11,269 Romanshorn
42%
Bregenz 13,591 Hard
33%
Stein 3505 Stein am Rhein
33%
Bodenseekreis 22,713 Überlingen
33%
Arbon 14,796 Arbon
25%
Konstanz 4696 Bodman-Ludwigshafen
25%
Bregenz 1875 Gaißau
25%
Arbon 2901 Horn
25%
Bodenseekreis 6050 Meersburg
25%
Konstanz 31,530 Radolfzell
25%
Konstanz 5360 Reichenau
25%
Rorschach 9438 Rorschach
25%
Konstanz 7162 Allensbach
17%
Bregenz 3873 Fußach
17%
Kreuzlingen 333 Gottlieben
17%
Kreuzlingen 1661 Güttingen
17%
Arbon 999 Kesswil
17%
Frauenfeld 659 Mammern
17%
Kreuzlingen 3494 Münsterlingen
17%
Lindau 1799 Nonnenhorn
17%
Rorschach 7382 Rorschacherberg
17%
Frauenfeld 3746 Steckborn
17%
Kreuzlingen 4762 Tägerwilen
17%
Rorschach 6565 Thal
17%
Bodenseekreis 8309 Uhldingen-Mühlhofen
17%
Arbon 1893 Uttwil
17%
Lindau 3801 Wasserburg am Bodensee
17%
Kreuzlingen 2285 Altnau
8%
Frauenfeld 917 Berlingen
8%
Kreuzlingen 2301 Bottighofen
8%
Arbon 4699 Egnach
8%
Bodenseekreis 4923 Eriskirch
8%
Frauenfeld 1832 Eschenz
8%
Konstanz 3362 Gaienhofen
8%
Rorschach 9504 Goldach
8%
Bodenseekreis 1419 Hagnau am Bodensee
8%
Bregenz 8167 Höchst
8%
Bodenseekreis 6543 Immenstaad am Bodensee
8%
Bodenseekreis 8624 Kressbronn am Bodensee
8%
Bodenseekreis 7643 Langenargen
8%
Konstanz 3346 Moos
8%
Konstanz 3696 Öhningen
8%
Kreuzlingen 1369 Salenstein
8%
Arbon 1477 Salmsach
8%
Rorschach 3608 Steinach
8%
Bodenseekreis 1031 Stetten
8%
Kreuzlingen 3527 Ermatingen
0%
Bodenseekreis 2051 Sipplingen
0%
No matching quizzes found
Score Distribution
Percent of People with Each Score
Percentile by Number Answered
Your Score History
You have not taken this quiz